00595    a2200169   4500003000500000005001700005040000900022082001000031100002900041245011000070260003100180300001500211505014500226538002900371650001400400651001100414Nust20170207153209.0  cNust  a005.1  aNaeem, Ahmed   ( MSCS-8)  aDesign and implementation of electronic warfare reconnaissance & control system simulatorcAhmed Naeem     bMCS,NUSTc2006aRawalpindi  aix,60, p.;  aIntroduction to Thesis Introduction to the equipment (page-4) Design of the simulator (page-8) The simulator (page-22) Conclusion (page-55)   aAlmirah No 73 Shelf No 2  aPG Thesis  aMSCS-8